000 01468nam a22002177a 4500
003 OSt
005 20260511123424.0
008 260511b |||||||| |||| 00| 0 eng d
020 _a9781784631123
040 _aKenya National Library Service
082 _a823.0108092 BES
245 _aBest British short stories 2017 /
_cedited by Nicholas Royle.
300 _aix, 203 pages ;
_c20 cm.
520 _aThe nation's favourite annual guide to the short story, now in its seventh year.Best British Short Stories invites you to judge a book by its cover - or more accurately, by its title. This critically acclaimed series aims to reprint the best short stories published in the previous calendar year by British writers, whether based in the UK or elsewhere. The editor's brief is wide ranging, covering anthologies, collections, magazines, newspapers and web sites, looking for the best of the bunch to reprint all in one volume.Featuring stories by Jay Barnett, Peter Bradshaw, Rosalind Brown, Krishan Coupland, Claire Dean, Niven Govinden, Françoise Harvey, Andrew Michael Hurley, Daisy Johnson, James Kelman, Giselle Leeb, Courttia Newland, Vesna Main, Eliot North, Irenosen Okojie, Laura Pocock, David Rose, Deirdre Shanahan, Sophie Wellstood and Lara Williams.
650 _aShort stories.
650 _aCollections of English.
700 _aRoyle, Nicholas
_eEditor
942 _2ddc
_cBK
_n0
999 _c492665
_d492665